000 00409nam a2200169Ia 4500
008 230711s9999||||xx |||||||||||||| ||und||
020 _a978-93-85059-04-9
041 _aENG
082 _a667.2
_bMA-T
100 _aMahapatra,N.N
245 0 _aTextile Dyes
250 _a1st Ed.
260 _c2016
_aNew Delhi
_bWoodhead Publishing Pvt Ltd
300 _a213p.
650 _aTextile Engineering
942 _cBK
999 _c6095
_d6095